[Event "Mechanics' Peter Grey TNM; G/2 d5"]
[Site "San Francisco"]
[Date "2017.10.03"]
[Round "9.1"]
[White "Snyder, Larry"]
[Black "Winslow, Elliott C"]
[Result "0-1"]
[WhiteElo "2074"]
[BlackElo "2321"]
[Annotator "Winslow,Elliott"]
[PlyCount "68"]
[EventDate "2017.??.??"]

1. Nf3 d6 2. d4 Nf6 3. g3 g6 4. Bg2 Bg7 5. O-O O-O 6. c4 Nbd7 7. Nc3 e5 8. dxe5
{General principle: why release tension before there is any reason to? As
Black, I can say I welcome the likelihood that I'm going to win more than I
fear any objective simplifying or dulling of the position.} (8. e4 c6 9. dxe5 (
9. h3) (9. Rb1) (9. b3) 9... Nxe5 $1 {(Kotronias)}) ({In honor of his present
presence in San Francsico and at the Mechanics', here is one of my worst
performances in this line:} 8. h3 c6 9. Be3 exd4 10. Nxd4 Qe7 11. Qd2 Re8 12.
Bh6 Bxh6 13. Qxh6 Nb6 14. b3 d5 15. cxd5 Qb4 16. Qh4 Qxc3 17. Rac1 Qa5 18. Qxf6
Nxd5 19. Qh4 Nc3 20. Rc2 c5 21. Nf3 Bf5 $4 (21... Nxe2+ 22. Kh2 Nd4 23. Ng5 h5
$11 {SF8} 24. Rc4 (24. g4 $4 Nxc2 25. gxh5 Qc7+ 26. Kh1 Bf5) 24... Bf5) 22. Ng5
h5 23. Qc4 {1-0 Lombardy,W (2520)-Winslow,E, US Open, Fairfax 1976}) 8... dxe5
9. e4 {First there is an outpost, then there is no outpost, then there is.} (9.
Qc2 {is a lot more popular, which doesn't mean it does better.}) (9. h3 c6) (9.
Ng5 h6 10. Nge4 Nxe4 11. Nxe4 Qe7 {/\...f5, ...c6}) (9. Be3 $5 c6 10. Qb3 $146
(10. h3 {see 8.h3 c6 9.dxe5}) (10. Qd6 {
Patrushev - Xvorostrjanyj, Krasnodar 2007} e4 $1 $146 11. Ng5 Ng4 $36) (10. Qc1
{Malchikov - Kuzmin, Novosibirsk 2008} Ng4 $1 $146 11. Bg5 f6 12. Bd2 f5 {
is also excellent for Black as} 13. e4 Nc5 $15 {Kotr}) (10. Qd2 Qe7 (10... Ng4
$1) 11. Rfd1 Ng4 12. Ne4 Nxe3 13. Qxe3 Nb6 (13... f5 14. Nd6 e4 15. c5 b6) 14.
Rac1 f5 15. Qc5 Qxc5 16. Nxc5 e4 17. Nd4 Rd8 18. e3 Bf8 19. b4 a5 20. bxa5 Rxa5
21. Ncb3 Rxa2 22. g4 c5 23. Nb5 Rxd1+ 24. Rxd1 Rb2 25. Nd2 Nxc4 26. Nxc4 Rxb5
27. Bf1 Be6 28. gxf5 gxf5 29. Rd8 Rb1 30. Nd2 Rd1 31. Kg2 Kf7 32. Be2 Ke7 {
0-1 Davies,J-Winslow,E US Open, Lincoln 1975!}) 10... Qe7 (10... Qa5 $5) 11.
Rad1 $5 $146 (11. h3 {TP again}) 11... Ng4 12. Bg5 (12. Bc1 $2 e4 $17) 12... f6
13. Bc1 Nb6 $11 (13... e4 $6 14. Nd4)) ({A)} 9. Qb3) ({B)} 9. b3) 9... c6 10.
Qc2 {Of course here White can play various other moves as well...} (10. Be3 $5
Qe7 (10... Ng4 11. Bg5 f6 12. Bd2 Nc5 13. h3 Nh6 14. Be3 {
Westerkamp - Van Kesteren, Groningen 2004} (14. b4 Ne6 15. Qb3 Ng5 $1 {
equalizing immediately}) 14... Qxd1 $5 $146 {"Why not?"} 15. Rfxd1 Ne6 $11 {
/\...Nf7, ...f5 Kotr}) 11. Qc2 Ng4 12. Bg5 f6 13. Bd2 f5 14. h3 Nh6 15. exf5
gxf5 16. Bg5 Nf6 17. Rfe1 Nf7 18. Bf4 e4 19. Ng5 Nh5 20. Nxf7 Nxf4 21. gxf4
Qxf7 22. b3 Qc7 23. f3 Qxf4 24. fxe4 Bd4+ 25. Kh1 Be5 26. Kg1 Qh2+ 27. Kf1
fxe4+ 28. Ke2 Qxg2+ 29. Kd1 Rd8+ 30. Kc1 Bf4+ 31. Kb1 Rd2 {
0-1 McKellar,D (1782)-Winslow,E (2321) San Francisco 2016 [Winslow,E]}) (10. b3
Qe7 11. Qc2 {TP 9.Qc2}) (10. h3 {
absolutely harmless Black can obtain at least equal chances with the standard}
Qe7 $13 ({or the untried} 10... Nc5 $5 $146)) 10... Ne8 $5 {Rarely played (3/
225?!) in the database, so imagine my surprise to see it recently played -- by
me!} (10... Qc7 11. b3 (11. h3) (11. Rd1) (11. b4 $5)) (10... Qe7 11. h3 $5 (
11. Rd1 Nc5 12. b3 {TP 8.Qc2} Bg4 $1 {a convincing equalizer}) 11... Nc5 12.
Be3 Nfd7 13. Rad1 (13. Rfd1 f5 $40 {Voiska - Grivas, Chania 1992}) 13... Ne6 {
Kopacz - Spisak, Rabka 2002} 14. Rfe1 $146 a5 $11) (10... Re8 11. b3 (11. h3) (
11. Rd1) (11. Bg5)) 11. b3 (11. Rd1 Qe7 12. b3 Nc7 13. a4 a5 14. Ba3 Nc5 15.
Ne1 b6 16. Nd3 N7a6 17. Rab1 Bg4 18. f3 Be6 19. Na2 Rfc8 20. b4 Nxd3 21. Rxd3
axb4 22. Nxb4 Nc5 23. Na2 Bf8 {
0-1 (23) Dzupin,D (2251)-Nesterets,A (2427) Yuzhny 2010}) (11. Nh4 Nc7 12. f4
exf4 13. Bxf4 Ne5 14. Rad1 Qe7 15. b3 g5 16. Nf5 Bxf5 17. exf5 gxf4 18. f6 Qxf6
19. Ne4 Qh6 20. Rxf4 Ne6 21. Rf5 Ng4 {0-1 (21) Rauch,F-Sicherl,P Dortmund 1988}
) (11. Be3 Qe7 12. Rad1 f5 13. exf5 gxf5 14. Rfe1 Qf7 15. Ng5 Qg6 16. Nd5 cxd5
17. Bxd5+ Kh8 18. Ne6 Rf6 (18... Rf7) 19. Nxg7 Nxg7 20. f4 $11 e4 21. c5 Nb8 $2
(21... h5) 22. b4 $16 Nc6 23. Bxc6 Rxc6 24. Rd8+ Ne8 25. Bd4+ Kg8 26. b5 Rc7
27. Bb2 Kf8 28. Qc3 Rd7 29. Qh8+ Ke7 30. Rxe8+ {
1-0 (30) Racsko,G-Furchtbar,U Eger 1994}) 11... Nc7 $146 (11... f5 12. Rd1 f4
13. Ba3 Rf7 14. Bh3 Qf6 15. Nh4 Nf8 16. Bxc8 Rxc8 17. Na4 Ne6 18. Bb2 Rcc7 19.
c5 Rce7 20. Ng2 N8c7 21. Rd6 g5 22. Rad1 Nb5 23. R6d3 Nbd4 24. Bxd4 Nxd4 25.
Qb2 Qh6 26. Ne1 f3 27. b4 Re6 28. Rxd4 exd4 29. Qb3 g4 30. h4 Rxe4 31. Nb2 Qe6
32. Ned3 Qxb3 33. axb3 Rfe7 34. Nc4 R4e6 35. Kf1 Re8 36. Nf4 R6e7 37. Nd6 Rb8
38. Nf5 Rf7 39. Nxg7 Rxg7 40. Rxd4 Kh8 41. Nh5 Rgg8 42. Kg1 Rbd8 43. Re4 Rge8
44. Rxe8+ Rxe8 45. Nf6 Re1+ 46. Kh2 Rb1 47. Nxg4 Rxb3 48. Ne5 Kg7 49. g4 Rxb4 {
0-1 (49) Ngo,N-Nguyen,Q Can Tho 2003}) 12. Ba3 Re8 13. Rad1 Ne6 14. Rfe1 {
Intending Bf1/c5/Bc4?} (14. Ne2) (14. Rd6 Bf8 15. Rxd7 Bxd7 16. Bxf8 Nxf8 17.
Rd1 Qe7 18. Qd2 Bg4 19. h3 Bxf3 20. Bxf3 Red8 21. Qh6 Rxd1+ 22. Nxd1 Ne6 23.
Ne3 Qg5 24. Qxg5 Nxg5 25. Bg2 f6 26. c5 Ne6 27. b4 a5 28. a3 axb4 29. axb4 Ra4
30. Nc2 Nd4 {0-1 Sobravilla Carrillo, R (1199)-Winslow,E (2310) Max Wilkerson
mem (rapid), San Francisco March 2017}) 14... Qa5 15. Bb2 (15. Bd6) 15... Nd4
16. Qb1 (16. Nxd4 exd4 17. Na4 (17. Ne2 $4 d3) 17... Nb6 (17... c5)) 16...
Nxf3+ 17. Bxf3 Nc5 $15 18. Ne2 (18. Bg2) (18. h4) 18... Ne6 (18... f5) 19. Bc3
Qc7 20. Nc1 Ng5 21. Be2 $2 (21. Bg2 Bg4 22. Ne2 $15) 21... Qb6 $1 22. Rf1 $6 (
22. Nd3 Nxe4) 22... Bh3 23. Rfe1 $6 f5 24. Bd2 Nxe4 25. Be3 Qc7 (25... Qa5 $1)
(25... Nc3 $5) 26. Qc2 Nf6 27. f3 $2 (27. Nd3) (27. Bg5) 27... f4 (27... e4 $1)
28. Bf2 (28. gxf4 e4 $1 (28... exf4 29. Bf2)) 28... e4 29. gxf4 (29. fxe4 Nxe4)
29... Qxf4 30. Bg3 Qe3+ 31. Bf2 Qg5+ 32. Bg3 Nh5 33. Bf1 Bxf1 $6 (33... Nxg3
34. Bxh3 exf3 {[%eval 32728,0] already}) 34. Rxf1 Nxg3 $6 (34... Be5) (34...
Rad8) (34... Nxg3 35. hxg3 Qxg3+ 36. Qg2 Qf4 $1 37. fxe4 Qe3+ 38. Qf2 Qxe4 39.
Qf4 Qxf4 40. Rxf4 Rad8) 0-1

[Event "Mechanics' Spring TNM; G/2"]
[Site "San Francisco"]
[Date "2017.03.28"]
[Round "3.20"]
[White "Standen, Julian"]
[Black "Anderson, Michael"]
[Result "0-1"]
[WhiteElo "1600"]
[BlackElo "1902"]
[PlyCount "46"]
[EventDate "2017.??.??"]

1. d4 f5 2. Bf4 Nf6 3. e3 g6 4. Nf3 Bg7 5. Bc4 d5 6. Be2 O-O 7. Nbd2 Kh8 8. Ne5
Be6 9. h4 Nbd7 10. h5 Nxe5 11. Bxe5 gxh5 12. Bxh5 Bf7 13. Bxf7 Rxf7 14. Nf3 Ne4
15. Qe2 c5 16. c3 Rc8 17. O-O-O Qa5 18. Kb1 Rc6 19. Bxg7+ Rxg7 20. Ne5 Nxc3+
21. bxc3 Rb6+ 22. Kc1 Qxc3+ 23. Qc2 Qa3+ 0-1

[Event "Mechanics' Peter Grey TNM; G/2 d5"]
[Site "San Francisco"]
[Date "2017.09.05"]
[Round "5.30"]
[White "Standen, Julian"]
[Black "Baer, Michael Alan"]
[Result "1/2-1/2"]
[WhiteElo "1614"]
[BlackElo "1354"]
[Annotator "Donaldson"]
[PlyCount "112"]
[EventDate "2017.??.??"]

1. d4 Nf6 2. Nf3 e6 3. e3 c5 4. c3 d5 5. Nbd2 Nc6 6. Bd3 Be7 7. O-O O-O 8. Qe2
b6 9. dxc5 bxc5 10. e4 Bb7 11. Rd1 Qc7 12. a3 Ne5 13. Nxe5 Qxe5 14. Nf3 Qc7 15.
e5 Nd7 16. Bf4 Rae8 17. Bg3 Qc6 18. Rac1 Kh8 19. Nh4 g6 20. f4 f5 21. Nf3 a5
22. b4 c4 23. Bc2 axb4 24. axb4 Bd8 25. Nd4 Qc8 26. Ra1 Bb6 27. Bf2 Qd8 28. Ra2
g5 29. Be3 gxf4 30. Bxf4 Bxd4+ 31. cxd4 Qb6 32. Qd2 Nb8 33. Be3 Nc6 34. Rb1 Rc8
35. Qc3 Ne7 36. b5 Ra8 37. Rab2 Ra5 38. Qb4 Re8 39. Qc5 Qd8 40. Bd2 (40. Bg5 $1
) 40... Ra8 41. Bb4 Ng6 42. Bd1 Rc8 43. Qd6 Nf4 44. Qxd8 Rexd8 45. Bc3 Nd3 46.
Ra2 Ra8 47. Rba1 Rxa2 48. Rxa2 Ra8 49. Rxa8+ Bxa8 50. Bh5 Kg7 51. Be8 Bb7 52.
Kf1 Kf8 53. Bh5 Nf4 54. Be2 Nxe2 55. Kxe2 Kg7 56. b6 Kg6 1/2-1/2

[Event "Mechanics' Fall TNM; G/2 d5"]
[Site "San Francisco"]
[Date "2017.11.21"]
[Round "5.35"]
[White "Standen, Julian"]
[Black "Davila, Carlos"]
[Result "0-1"]
[WhiteElo "1600"]
[BlackElo "2131"]
[PlyCount "37"]
[EventDate "2017.??.??"]

1. d4 Nf6 2. Nf3 e6 3. e3 c5 4. c3 Be7 5. Bd3 Nc6 6. Nbd2 d5 7. O-O h5 8. Qe2
a6 9. dxc5 Qc7 10. e4 g5 11. Nxg5 Ng4 12. Ndf3 d4 13. g3 dxc3 14. bxc3 Bxc5 15.
Be3 Bd6 16. e5 Ncxe5 17. Nxe5 Bxe5 18. Bd4 Bxd4 19. cxd4 {
White is much better but Black went on to win. Remaining moves not available.}
0-1

[Event "Mechanics' Spring TNM; G/2"]
[Site "San Francisco"]
[Date "2017.05.02"]
[Round "8.31"]
[White "Standen, Julian"]
[Black "Enkh, Tergelsar"]
[Result "1-0"]
[WhiteElo "1600"]
[BlackElo "1447"]
[PlyCount "85"]
[EventDate "2017.??.??"]

1. d4 Nf6 2. Nf3 d5 3. e3 Bg4 4. c4 e6 5. Qb3 Bxf3 6. gxf3 Qc8 7. Nc3 Nbd7 8.
cxd5 exd5 9. Nxd5 Bd6 10. Bd2 O-O 11. Be2 Re8 12. O-O Nxd5 13. Qxd5 Nf6 14. Qg5
c6 15. Kh1 Qh3 16. Qg2 Qe6 17. Rg1 g6 18. e4 Nd5 19. Bc4 Ne3 20. Bxe6 Nxg2 21.
Bxf7+ Kxf7 22. Kxg2 Rad8 23. Bc3 Bf4 24. Rad1 Re7 25. h3 Red7 26. Rd3 Be5 27.
Rgd1 c5 28. d5 Bxc3 29. Rxc3 b6 30. b3 Kf6 31. Kg3 g5 32. f4 h6 33. fxg5+ hxg5
34. f4 gxf4+ 35. Kxf4 Re8 36. Re3 Re5 37. Rg1 Rde7 38. h4 Rh7 39. Rh1 Rhh5 40.
Rd3 Ke7 41. Rg3 Kf6 42. Rg8 Rh7 43. Rf8+ 1-0

[Event "Mechanics' Spring TNM; G/2"]
[Site "San Francisco"]
[Date "2017.04.11"]
[Round "5.20"]
[White "Standen, Julian"]
[Black "Uzzaman, Ashik"]
[Result "0-1"]
[WhiteElo "1600"]
[BlackElo "2000"]
[PlyCount "84"]
[EventDate "2017.??.??"]

1. d4 e6 2. e4 d5 3. Bd3 c5 4. c3 Nc6 5. Nf3 dxe4 6. Bxe4 Nf6 7. Bc2 Be7 8. O-O
b6 9. dxc5 bxc5 10. Qxd8+ Bxd8 11. Bf4 O-O 12. Nbd2 Be7 13. Rad1 Ba6 14. Rfe1
Rfd8 15. Ne5 Nxe5 16. Bxe5 Rac8 17. c4 Bb7 18. f3 Nd7 19. Bc3 Nb8 20. Ne4 Nc6
21. Rxd8+ Rxd8 22. Rd1 Nd4 23. Bd3 e5 24. Kf1 f5 25. Nf2 g6 26. Bb1 Kf7 27. Bd3
Ba6 28. b3 Bb7 29. Bb1 Re8 30. Re1 Bd6 31. Bd3 h5 32. Bb1 Re6 33. Bd2 Be7 34.
Bd3 g5 35. Nh3 Kg6 36. Be2 Ra6 37. Bc3 Rxa2 38. Bxd4 cxd4 39. Bd1 e4 40. fxe4
fxe4 41. Nf2 e3 42. Nd3 Bxg2+ 0-1

[Event "Mechanics' Peter Grey TNM; G/2 d5"]
[Site "San Francisco"]
[Date "2017.09.26"]
[Round "8.36"]
[White "Starr, Albert"]
[Black "Baterdene, Jonathan"]
[Result "0-1"]
[WhiteElo "1570"]
[BlackElo "1152"]
[PlyCount "92"]
[EventDate "2017.??.??"]

1. b4 d5 2. e3 e5 3. Bb2 d4 4. exd4 exd4 5. b5 Nf6 6. Nf3 Bc5 7. d3 O-O 8. Be2
a6 9. a4 Bb4+ 10. Nbd2 axb5 11. axb5 Rxa1 12. Bxa1 Bc3 13. O-O Bxa1 14. Qxa1 c6
15. Qxd4 Qxd4 16. Nxd4 cxb5 17. Nxb5 Nc6 18. Nd6 Nd4 19. Bd1 Nd5 20. Nxc8 Rxc8
21. Re1 g6 22. Bf3 Nxf3+ 23. Nxf3 Rxc2 24. Kf1 Kg7 25. d4 b5 26. g3 b4 27. Rb1
Rc3 28. Nd2 f5 29. Ke1 Ra3 30. f4 Re3+ 31. Kf2 Rd3 32. Nb3 Nc3 33. Nc5 Rxd4 34.
Rb3 Ne4+ 35. Nxe4 Rxe4 36. h4 h5 37. Re3 Kf6 38. Kf3 Rc4 39. Rb3 Ke6 40. Ke3
Kd5 41. Rd3+ Kc5 42. Kd2 Rd4 43. Kc2 Rxd3 44. Kxd3 Kb5 45. Kc2 Ka4 46. Kb2 b3
0-1

[Event "Mechanics' Peter Grey TNM; G/2 d5"]
[Site "San Francisco"]
[Date "2017.09.12"]
[Round "6.38"]
[White "Starr, Albert"]
[Black "Erdenebileg, Dashz"]
[Result "1-0"]
[WhiteElo "1570"]
[BlackElo "991"]
[Annotator "Donaldson"]
[PlyCount "59"]
[EventDate "2017.??.??"]

1. b4 e5 2. Bb2 Bxb4 3. Bxe5 Bf8 $2 (3... Nf6) 4. e3 Nf6 5. Nf3 a6 6. Be2 Nc6
7. Bb2 g6 8. O-O Bg7 9. d3 Nh5 10. Bxg7 Nxg7 11. Nbd2 d6 12. h3 Qe7 13. Rb1 Ne5
14. Re1 b6 15. Nh2 O-O 16. Bf3 Nxf3+ 17. Nhxf3 Nf5 18. Re2 Nh4 19. Nd4 $2 (19.
Nxh4 Qxh4 $11) 19... Bxh3 $1 20. f4 Bg4 (20... Bxg2 $1) 21. N4f3 Nxf3+ 22. Nxf3
Rae8 23. e4 d5 24. Qf1 Qc5+ 25. d4 Qd6 26. e5 Qa3 27. Rf2 a5 28. Ra1 Qb2 29. c4
Bxf3 $4 30. Rxb2 1-0

[Event "Mechanics' Summer TNM; G/2 d5"]
[Site "San Francisco"]
[Date "2017.07.18"]
[Round "8.19"]
[White "Starr, Albert"]
[Black "Poling, Scott E"]
[Result "0-1"]
[WhiteElo "1500"]
[BlackElo "1865"]
[PlyCount "58"]
[EventDate "2017.??.??"]

1. b4 e5 2. Bb2 Bxb4 3. Bxe5 Nf6 4. c4 O-O 5. e3 d5 6. cxd5 Nxd5 7. Bc4 {
Diagram [#]} Nxe3 $3 8. fxe3 Qh4+ 9. Bg3 Qxc4 10. Ne2 Bg4 11. Kf2 Qa6 12. Bxc7
Qf6+ 13. Kg3 Bxe2 14. Qxe2 Qxa1 15. d4 Na6 16. Bf4 Rfe8 17. Rd1 h6 18. h4 Rad8
19. Qf3 Qxa2 20. Qxb7 Qe6 21. Rc1 Bd6 22. Qf3 Bxf4+ 23. Qxf4 Qxe3+ 24. Qxe3
Rxe3+ 25. Kf4 Re7 26. Rc4 Nc7 27. Nd2 Nd5+ 28. Kg3 Re2 29. Nf3 Rxg2+ 0-1

[Event "Mechanics' Summer TNM; G/2 d5"]
[Site "San Francisco"]
[Date "2017.06.13"]
[Round "4.26"]
[White "Starr, Albert"]
[Black "Riese, Kayven"]
[Result "1-0"]
[WhiteElo "1500"]
[BlackElo "1938"]
[PlyCount "121"]
[EventDate "2017.??.??"]

1. b4 e5 2. Bb2 d6 3. e3 Nf6 4. d3 Be7 5. Nf3 O-O 6. Be2 a5 7. b5 c5 8. c4 h6
9. O-O Bf5 10. a4 Nbd7 11. Nbd2 Re8 12. Ra3 Bf8 13. Qa1 g5 14. g3 Bg6 15. Rd1
Bg7 16. Bf1 Ra7 17. Bg2 Nf8 18. d4 cxd4 19. exd4 e4 20. Ne1 d5 21. c5 b6 22. c6
Rae7 23. Nc2 Ne6 24. Ne3 Nc7 25. Bh3 Nh7 26. Nf5 Bxf5 27. Bxf5 Ne6 28. Nf1 Bf6
29. Ne3 Nhf8 30. Bh3 Kh7 31. Qa2 Nc7 32. Bc3 Re6 33. Bxe6 Nfxe6 34. Qe2 Qd6 35.
Bb2 Ng7 36. Ng4 Nf5 37. Nxf6+ Qxf6 38. Qg4 Kg6 39. f4 h5 40. Qxg5+ Qxg5 41.
fxg5 e3 42. Re1 Re4 43. Bc1 e2 44. Bf4 Ne6 45. c7 Nxc7 46. Bxc7 Nxd4 47. Rc3
Ne6 48. h4 d4 49. Rc6 d3 50. Rd6 Rd4 51. Rxd4 Nxd4 52. Bf4 Kf5 53. Kf2 Ke4 54.
Rc1 Kd5 55. Ke3 Nc2+ 56. Kxd3 e1=Q 57. Rxe1 Nxe1+ 58. Kc3 Ng2 59. Bc7 Kc5 60.
Be5 Ne1 61. Bd4+ 1-0

[Event "Mechanics' Peter Grey TNM; G/2 d5"]
[Site "San Francisco"]
[Date "2017.08.08"]
[Round "1.2"]
[White "Starr, Albert"]
[Black "Stearman, Josiah P"]
[Result "0-1"]
[WhiteElo "1570"]
[BlackElo "2305"]
[Annotator "Donaldson"]
[PlyCount "66"]
[EventDate "2017.??.??"]

1. b4 e5 2. Bb2 Bxb4 3. Bxe5 Nf6 4. c4 O-O 5. e3 Nc6 6. Bc3 d5 7. Bxb4 Nxb4 8.
a3 Nc6 9. d4 Re8 10. c5 Ne4 11. Bb5 Qf6 12. Nf3 {Diagram [#]} Nxc5 $5 (12...
Bg4 $1) 13. O-O (13. Nc3 $1) 13... Bg4 14. Nbd2 Ne4 15. Qc2 Bf5 16. Qb2 Re6 17.
Rac1 Qh6 18. Bxc6 bxc6 19. Ne5 Rae8 20. Nxe4 Bxe4 21. f4 f6 22. Nxc6 Qh5 23.
Qf2 f5 24. Ne5 Rh6 25. Nf3 (25. g3 $11) 25... Bxf3 26. gxf3 Rxe3 27. Rc2 $2 (
27. Rxc7 Rhe6 28. Rc8+ Re8 29. Qxe3 Qg6+ 30. Kf2 Rxc8 $11) 27... Rhe6 28. Rxc7
Re2 29. Rc8+ Kf7 30. Rc7+ Ke8 (30... Kf8 $1 31. Rc8+ Ke7) 31. Rfc1 $4 (31. Rb1
$1 $11) 31... Rxf2 32. Rc8+ Kf7 33. R1c7+ Kg6 0-1

[Event "Mechanics' Summer TNM; G/2 d5"]
[Site "San Francisco"]
[Date "2017.06.27"]
[Round "6.10"]
[White "Starr, Albert"]
[Black "Uzzaman, Ashik"]
[Result "0-1"]
[WhiteElo "1500"]
[BlackElo "2003"]
[PlyCount "62"]
[EventDate "2017.??.??"]

1. b4 e6 2. Bb2 f5 3. e3 Nf6 4. b5 Be7 5. Nf3 O-O 6. Be2 a6 7. a4 axb5 8. axb5
Rxa1 9. Bxa1 d5 10. O-O Qe8 11. c4 c6 12. Qb3 cxb5 13. cxd5 Nxd5 14. Bxb5 Qh5
15. d3 Nc6 16. Bxc6 bxc6 17. Nbd2 Bd6 18. Be5 Bxe5 19. Nxe5 f4 20. d4 fxe3 21.
fxe3 Rxf1+ 22. Nxf1 Qe8 23. Nd2 Ba6 24. Ndf3 Bb5 25. g3 Qa8 26. Kg2 Qa1 27. Kh3
Qf1+ 28. Kh4 h6 29. e4 g5+ 30. Kh5 Kg7 31. h3 Nf6# 0-1

[Event "Mechanics' Summer TNM; G/2 d5"]
[Site "San Francisco"]
[Date "2017.05.23"]
[Round "1.12"]
[White "Starr, Albert"]
[Black "Walder, Michael S"]
[Result "0-1"]
[WhiteElo "1500"]
[BlackElo "2141"]
[PlyCount "40"]
[EventDate "2017.??.??"]

1. b4 e5 2. Bb2 Bxb4 3. Bxe5 Nf6 4. c4 O-O 5. e3 d5 6. Nf3 c5 7. Be2 Nc6 8. Bc3
Bxc3 9. Nxc3 d4 10. Na4 d3 11. Bf1 Nb4 12. Qb3 Nc2+ 13. Kd1 Nxa1 14. Qxd3 Qa5
15. Nb2 Qxa2 16. Qc3 Qb3+ 17. Qxb3 Nxb3 18. h3 Bf5 19. g4 Be4 20. Ke2 Nc1+ 0-1

[Event "Mechanics' Spring TNM; G/2"]
[Site "San Francisco"]
[Date "2017.03.28"]
[Round "3.36"]
[White "Starr, Albert Mart"]
[Black "Bayaraa, Bilguun"]
[Result "1-0"]
[WhiteElo "1571"]
[BlackElo "1180"]
[PlyCount "63"]
[EventDate "2017.??.??"]

1. b4 e5 2. Bb2 d6 3. e3 Nf6 4. d3 Be6 5. Nf3 a6 6. a4 Nc6 7. b5 axb5 8. axb5
Rxa1 9. Bxa1 Na7 10. c4 Qd7 11. Be2 Bg4 12. O-O Bxf3 13. Bxf3 b6 14. Qa4 Nc8
15. Bc6 Qxc6 16. bxc6 Be7 17. Nc3 O-O 18. Nd5 Bd8 19. Nxf6+ Bxf6 20. f4 Re8 21.
d4 e4 22. d5 Bxa1 23. Rxa1 h6 24. Qd1 Ne7 25. Qg4 Ng6 26. Ra7 Kh7 27. Rxc7 Rf8
28. Qf5 Kg8 29. Rc8 Rxc8 30. Qxc8+ Kh7 31. c7 f6 32. Qe8 1-0

[Event "Mechanics' Spring TNM; G/2"]
[Site "San Francisco"]
[Date "2017.03.14"]
[Round "1.6"]
[White "Starr, Albert Mart"]
[Black "Fuentes, Romulo C"]
[Result "0-1"]
[WhiteElo "1571"]
[BlackElo "2200"]
[PlyCount "128"]
[EventDate "2017.??.??"]

1. b4 d5 2. e3 Qd6 3. b5 Nf6 4. a4 g6 5. Ba3 Qd8 6. Nf3 Bg7 7. d4 O-O 8. c4
dxc4 9. Bxc4 c6 10. O-O a6 11. Nbd2 cxb5 12. axb5 axb5 13. Bxb5 Na6 14. Ne5 Be6
15. Ndf3 Nc7 16. Bc4 Bd5 17. Qb3 Rb8 18. Bc5 b5 19. Bxd5 Qxd5 20. Rfb1 Rfe8 21.
g3 Ne4 22. Qxd5 Nxd5 23. Nc6 Rb7 24. Ra7 Rxa7 25. Nxa7 Ndc3 26. Rb3 Nd1 27.
Rxb5 Ndxf2 28. Nc6 Bf6 29. Ba3 Ng4 30. Bc1 Nc3 31. Rb2 Rc8 32. h3 Nd1 33. Rb8
Rxb8 34. Nxb8 Ngxe3 35. Nd7 Bg7 36. g4 e6 37. Nc5 Kf8 38. Nb3 Ke8 39. Ba3 h6
40. Bc5 Kd7 41. Nfd2 Kc6 42. Ne4 f5 43. gxf5 gxf5 44. Nd6 Kd5 45. Ne8 Bh8 46.
Nc7+ Ke4 47. Nxe6 f4 48. Nd2+ Kd3 49. Nf1 Nd5 50. Kg2 Ke2 51. Nh2 N1e3+ 52. Kg1
f3 53. Nxf3 Kxf3 54. Bf8 h5 55. Bg7 Bxg7 56. Nxg7 h4 57. Nh5 Nf4 58. Nxf4 Kxf4
59. Kh2 Ke4 60. Kg1 Kxd4 61. Kf2 Ke4 62. Kg1 Kf3 63. Kh2 Kf2 64. Kh1 Kg3 0-1

[Event "Mechanics' Spring TNM; G/2"]
[Site "San Francisco"]
[Date "2017.05.02"]
[Round "8.32"]
[White "Starr, Albert Martin"]
[Black "Adams, Sophie"]
[Result "1-0"]
[WhiteElo "1571"]
[BlackElo "1319"]
[PlyCount "97"]
[EventDate "2017.??.??"]

1. b4 e6 2. Bb2 Nf6 3. b5 b6 4. e3 c5 5. c4 Bb7 6. Nf3 Be7 7. Be2 O-O 8. O-O d5
9. d3 Nbd7 10. Nbd2 Re8 11. a4 a6 12. Ra3 h6 13. Qa1 Qc7 14. g3 axb5 15. axb5
Rxa3 16. Qxa3 Ra8 17. Qc3 Bf8 18. Ra1 dxc4 19. dxc4 Ne4 20. Nxe4 Bxe4 21. Ne5
Nxe5 22. Qxe5 Rxa1+ 23. Bxa1 Qb7 24. Qf4 Qa8 25. Be5 Be7 26. f3 Bg5 $4 (26...
Bg6) 27. Qxe4 Qxe4 28. fxe4 Bxe3+ 29. Kg2 Bd2 30. Bc7 Ba5 31. e5 Kf8 32. Bf3 f6
33. Bc6 Kf7 34. g4 fxe5 35. Bxe5 g6 36. h4 Bd2 37. Kf3 Be1 38. h5 g5 39. Ke4
Bd2 40. Bd6 Bb4 41. Be5 Bd2 42. Bc7 Ba5 43. Ke5 Ke7 44. Bd6+ Kf7 45. Bb7 Bc3+
46. Ke4 Ke8 47. Be5 Bxe5 48. Kxe5 Ke7 49. Bc8 1-0

[Event "Mechanics' Spring TNM; G/2"]
[Site "San Francisco"]
[Date "2017.04.11"]
[Round "5.35"]
[White "Starr, Albert Martin"]
[Black "Cheng, Andrew Ys"]
[Result "0-1"]
[WhiteElo "1571"]
[BlackElo "1353"]
[Annotator "Donaldson"]
[PlyCount "92"]
[EventDate "2017.??.??"]

1. b4 d5 2. e3 e5 3. Bb2 e4 4. Bb5+ Nc6 5. Ne2 Nf6 6. a3 g6 7. O-O Bg7 8. d3
Bf5 9. Nd4 Bd7 10. Nxc6 Bxc6 11. Bxc6+ bxc6 12. dxe4 dxe4 13. Qxd8+ Rxd8 14.
Bd4 a6 15. c4 O-O 16. Nc3 Rfe8 17. Rad1 Nd7 18. Bxg7 Kxg7 19. Rd4 Nf6 20. Rfd1
Rxd4 21. Rxd4 Re7 22. Kf1 h6 23. h3 g5 24. Ne2 Rd7 25. Rxd7 Nxd7 26. c5 f5 27.
Nd4 Kf6 28. Nxc6 Ke6 29. Ke2 f4 30. exf4 gxf4 31. Kd2 Kd5 32. Na5 Kd4 33. Nb3+
Kc4 {Diagram [#]} 34. Kc2 (34. c6 $1 Nb8 35. Nc5 a5 36. Ne6 {
maintains White's advantage.}) 34... Ne5 35. Nd2+ Kd4 36. Nb1 $2 ({
It was time to bail out with} 36. Nb3+ Kc4 37. Nd2+ {and a draw.}) 36... Nd3
37. Nc3 Ne1+ 38. Kd2 Nxg2 39. Ne2+ $2 (39. b5 $1 axb5 40. Nxb5+ Kxc5 41. Nxc7 {
should draw.}) 39... Ke5 (39... Kc4 $1) 40. Kc3 Ne1 (40... e3 $1 41. fxe3 f3 {
winning.}) 41. Kc4 (41. a4) 41... f3 42. Nc3 Nd3 43. Nd1 c6 (43... Nxf2 44.
Nxf2 e3 45. Ng4+ Kf4 {wins on the spot.}) 44. a4 Nxf2 $1 45. Nxf2 e3 46. Nd1 e2
0-1

[Event "Mechanics' Summer TNM; G/2 d5"]
[Site "San Francisco"]
[Date "2017.06.06"]
[Round "3.8"]
[White "Stearman, Josiah P"]
[Black "Anderson, Michael"]
[Result "1-0"]
[WhiteElo "2290"]
[BlackElo "1905"]
[PlyCount "55"]
[EventDate "2017.??.??"]

1. e4 c5 2. Nc3 e6 3. g3 Nc6 4. Bg2 g6 5. d3 Bg7 6. Be3 d6 7. Qd2 Nge7 8. Bh6
O-O 9. h4 Bxh6 10. Qxh6 f6 11. Qd2 h5 12. Nge2 e5 13. O-O Nd4 14. Nd1 Nxe2+ 15.
Qxe2 Bg4 16. f3 Be6 17. Ne3 Qd7 18. f4 f5 19. Nd5 Bxd5 20. exd5 exf4 21. gxf4
Rae8 22. d4 b6 23. dxc5 bxc5 24. Qe6+ Qxe6 25. dxe6 Rf6 26. Rfe1 Kf8 27. c4 Nc8
28. Bd5 {White went on to win. Remaining moves unavailable.} 1-0

[Event "Mechanics' Fall TNM; G/2 d5"]
[Site "San Francisco"]
[Date "2017.10.24"]
[Round "1.1"]
[White "Stearman, Josiah P"]
[Black "Chan, John"]
[Result "1-0"]
[WhiteElo "2320"]
[BlackElo "1647"]
[PlyCount "47"]
[EventDate "2017.??.??"]

1. e4 e6 2. d3 Nc6 3. Nc3 d6 4. g3 g6 5. Bg2 Bg7 6. Be3 e5 7. Nge2 Nf6 8. h3
O-O 9. f4 Bd7 10. O-O Qc8 11. g4 a6 12. f5 Ne7 13. Ng3 Kh8 14. g5 Neg8 15. gxf6
Bxf6 16. Nd5 Bh4 17. Qg4 Bxg3 18. Qxg3 Qd8 19. f6 Be6 20. Qh4 Bxd5 21. exd5 Rc8
22. Rae1 c5 23. Bg5 b5 24. Re4 1-0